[Event "SVK-chT2B 2223"]
[Site "Slovakia"]
[Date "2023.03.25"]
[Round "10.5"]
[White "Rucek, Peter"]
[Black "Murajda, Tomas"]
[Result "0-1"]
[WhiteElo "1905"]
[BlackElo "1975"]
[PlyCount "52"]
[EventDate "2022.10.08"]
[EventType "team-tourn"]
[EventRounds "11"]
[EventCountry "SVK"]
[SourceTitle "EXT 2024"]
[Source "ChessBase"]
[SourceDate "2023.10.10"]
[SourceVersion "1"]
[SourceVersionDate "2023.10.10"]
[SourceQuality "1"]
[WhiteTeam "Belusa"]
[BlackTeam "Levice II"]
[WhiteTeamCountry "SVK"]
[BlackTeamCountry "SVK"]

1. d4 d5 2. c4 Nf6 3. cxd5 Nxd5 4. e4 Nb6 5. Nc3 c6 6. Be3 h6 7. h3 N8d7 8. Nf3 Qc7 9. Rc1 e5 10. dxe5 Nxe5 11. Nxe5 Qxe5 12. f4 Qa5 13. Qf3 Na4 14. Bd2 Nxb2 15. Nd5 Qd8 16. Qc3 cxd5 17. Bb5+ Bd7 18. Qe5+ Be7 19. Qxb2 Bh4+ 20. Ke2 0-0 21. Bxd7 Qxd7 22. Bc3 dxe4 23. Rhd1 Qf5 24. Bxg7 Qxf4 25. Bd4 Qg3 26. Rg1 Qd3# 0-1

[Event "SVK-chT2B 2223"]
[Site "Slovakia"]
[Date "2023.02.11"]
[Round "8.8"]
[White "Gyopos, Istvan"]
[Black "Murajda, Tomas"]
[Result "0-1"]
[WhiteElo "1878"]
[BlackElo "1975"]
[PlyCount "68"]
[EventDate "2022.10.08"]
[EventType "team-tourn"]
[EventRounds "11"]
[EventCountry "SVK"]
[SourceTitle "EXT 2024"]
[Source "ChessBase"]
[SourceDate "2023.10.10"]
[SourceVersion "1"]
[SourceVersionDate "2023.10.10"]
[SourceQuality "1"]
[WhiteTeam "Batorove Kosihy"]
[BlackTeam "Levice II"]
[WhiteTeamCountry "SVK"]
[BlackTeamCountry "SVK"]

1. e4 c5 2. Nc3 Nc6 3. d3 d6 4. g3 g6 5. Bg2 Bg7 6. f4 Nd4 7. Nf3 Nxf3+ 8. Qxf3 Bd7 9. 0-0 Nf6 10. h3 h5 11. e5 Bc6 12. Qf2 Nh7 13. Bxc6+ bxc6 14. exd6 Qxd6 15. Be3 Qe6 16. Bxc5 Qxh3 17. Rae1 0-0 18. Rxe7 h4 19. gxh4 Bf6 20. Rxa7 Bxh4 21. Qg2 Qf5 22. Bxf8 Rxa7 23. Bd6 Nf6 24. a3 Ng4 25. Qf3 Rd7 26. Ne4 Qh5 27. f5 Rxd6 28. Nxd6 Bf6 29. Rf2 Bd4 30. Ne4 gxf5 31. Ng3 Qh2+ 32. Kf1 Bxf2 33. Qxc6 Qg1+ 34. Ke2 Qe1+ 0-1

[Event "SVK-ch Blitz"]
[Site "Nitra"]
[Date "2022.10.29"]
[Round "8"]
[White "Murajda, Tomas"]
[Black "Danek, Pavol"]
[Result "0-1"]
[WhiteElo "1864"]
[BlackElo "2153"]
[PlyCount "76"]
[EventDate "2022.10.29"]
[EventType "swiss"]
[EventRounds "13"]
[EventCountry "SVK"]
[SourceTitle "EXT 2024"]
[Source "ChessBase"]
[SourceDate "2023.10.10"]
[SourceVersion "1"]
[SourceVersionDate "2023.10.10"]
[SourceQuality "1"]

1. d4 d5 2. Nf3 Nf6 3. Bg5 Ne4 4. Bf4 e6 5. c3 c5 6. e3 Nc6 7. Bd3 f5 8. Na3 a6 9. Bxe4 dxe4 10. Ne5 Nxe5 11. Bxe5 cxd4 12. Qa4+ Bd7 13. Qxd4 Kf7 14. Nc4 Bb5 15. Nd6+ Bxd6 16. Bxd6 Re8 17. c4 Bxc4 18. Qxc4 Qxd6 19. Rd1 Qe7 20. 0-0 Rac8 21. Qa4 Red8 22. h3 h6 23. Rd4 Rxd4 24. Qxd4 Rd8 25. Qb6 Rd7 26. Rc1 Kf6 27. a4 Qd6 28. Qb3 Qd5 29. Qc3+ Qe5 30. Qc8 Qd5 31. Qf8+ Kg6 32. Qe8+ Kh7 33. Rc8 Qd1+ 34. Kh2 Qd6+ 35. g3 Qe7 36. Qg8+ Kg6 37. Re8 Qf7 38. Rxe6+ Kg5 0-1